<?xml version="1.0" encoding="UTF-8"?>
<marc:record xmlns:marc="http://www.loc.gov/MARC21/slim">
   <marc:leader>00000nam a2200000 a 4500</marc:leader>
   <marc:datafield ind1="1" ind2=" " tag="100">
      <marc:subfield code="a">Kingsbury, Karen</marc:subfield>
      <marc:subfield code="4">aut</marc:subfield>
      <marc:subfield code="e">Verfasser/-in</marc:subfield>
   </marc:datafield>
   <marc:datafield ind1="0" ind2="0" tag="245">
      <marc:subfield code="a">Die Wege meiner Kinder</marc:subfield>
   </marc:datafield>
   <marc:datafield ind1="0" ind2="0" tag="245">
      <marc:subfield code="c">Karen Kingsbury &amp; Gary Smalley. [Dt. von Silvia Lutz</marc:subfield>
   </marc:datafield>
   <marc:datafield ind1=" " ind2="1" tag="264">
      <marc:subfield code="a">Marburg an der Lahn</marc:subfield>
      <marc:subfield code="b">Francke</marc:subfield>
      <marc:subfield code="c">2008</marc:subfield>
   </marc:datafield>
   <marc:datafield ind1="1" ind2=" " tag="520">
      <marc:subfield code="a">Angaben aus der Verlagsmeldung

Die Wege meiner Kinder - ... denn am Morgen wird Freude sein Redemption Series #4: Rejoice / von Karen Kingsbury, Gary Smalley

Brooke Baxter hat alles erreicht, was die Welt zu bieten hat: Eine beeindruckende Karriere, ein wunderschönes Zuhause und zwei wunderbare Kinder. Ihr kürzlich wiedergefundener Glaube gibt ihr Kraft und Lebensfreude. Doch dann ereignet sich ein dramatischer Unfall. Das Leben ihrer dreijährigen Tochter hängt an einem seidenen Faden, und Brooke macht ihren Mann Peter dafür verantwortlich. Wird ihre Ehe diese Krise überstehen, kann ihr neuer Glaube dem Druck standhalten und erwartet sie am Ende dieser Dunkelheit tatsächlich ein freudiger Morgen?
</marc:subfield>
   </marc:datafield>
   <marc:datafield ind1=" " ind2=" " tag="020">
      <marc:subfield code="a">9783868270204</marc:subfield>
      <marc:subfield code="9">9783868270204</marc:subfield>
   </marc:datafield>
   <marc:datafield ind1=" " ind2=" " tag="041">
      <marc:subfield code="a">ger</marc:subfield>
   </marc:datafield>
   <marc:datafield ind1=" " ind2=" " tag="300">
      <marc:subfield code="a">384 S.</marc:subfield>
   </marc:datafield>
</marc:record>
